| 000 | 00965nas a2200301 4500 | ||
|---|---|---|---|
| 001 | BR2019001852 | ||
| 003 | BR-BrBNA | ||
| 005 | 20231205132003.0 | ||
| 007 | ta | ||
| 008 | 230509b bl.|||p| |||| 00| 00por d | ||
| 040 |
_aBR-BrBNA _bpor _cBiblioteca Nacional de Agricultura |
||
| 041 | _a(En) | ||
| 072 | _aN20; T01 | ||
| 100 | 1 | _aFarias, M.S. de | |
| 100 | 1 | _aSchlosser, j.F. | |
| 100 | 1 | _aBertollo, G.M. | |
| 100 | 1 | _aNegri, G.M. | |
| 100 | 1 | _aOliveiras, L.F.V. de | |
| 245 | 1 | _aEffect of air and fuel supercharging on emissions from an agricultural engine | |
| 650 | _aEQUIPAMENTO AGRÍCOLA | ||
| 650 | _aTRATOR | ||
| 650 | _aPOLUIÇÃO | ||
| 650 | _aANÁLISE | ||
| 773 | 0 |
_tCientífica. Revista de Ciências Agrárias (Brazil) _xISSN 1984-5529 _g(2018), v. 46(4) p. 337-343 _wBR2019001852 |
|
| 856 | 4 | 0 | _uhttp://cientifica.org.br/index.php/cientifica/article/view/1159/672 |
| 909 |
_a202311 _bLúcia _c55 _dLúcia Elande |
||
| 942 |
_2AGRIS _n0 _cANA |
||
| 999 |
_c257828 _d257828 |
||